000
00329nam a2200145Ia 4500
008
230718s9999 xx 000 0 und d
041
_a
Eng.
082
_a
343.05
_b
SAC-I
100
_a
Saced, Dh. Khawaja
245
0
_a
Income Tax Law
260
_a
Pakistan
_b
bucurary in
_c
1982
300
_a
555
650
_a
Law
999
_c
29162
_d
29162